Loreto College Library, Kolkata
WEBOPAC (ONLINE PUBLIC ACCESS CATALOGUE)

She stoops to conquer (Record no. 4144)

MARC details
000 -LEADER
fixed length control field 00682nam a2200229Ia 4500
005 - DATE AND TIME OF LATEST TRANSACTION
control field 20230320120233.0
008 - FIXED-LENGTH DATA ELEMENTS--GENERAL INFORMATION
fixed length control field 131103s9999 xx 000 0 und d
040 ## - CATALOGING SOURCE
Original cataloging agency Loreto College
041 ## - LANGUAGE CODE
Language code English
082 ## - DDC | ডিউই
Classification number | বর্গসংখ্যা 822.6
Book Number | গ্রন্থাঙ্ক GOL-HER
100 ## - MAIN ENTRY--PERSONAL NAME | মুখ্য সংলেখ - ব্যাক্তিনাম
Personal name | ব্যাক্তিনাম Goldsmith,Oliver
245 ## - TITLE STATEMENT | অাখ্যা বিবরণী
Title | অাখ্যা She stoops to conquer
Statement of responsibility | লেখকের দায়িত্বের বিবরণ Oliver Goldsmith; with introduction and notes by Robert Herring
260 ## - IMPRINT | প্রকাশনা ক্ষেত্র
Place of publication | প্রকাশ স্থান London
Name of publisher | প্রকাশকের নাম Macmillan
Date of publication | প্রকাশ কাল 1960
300 ## - PHYSICAL DESCRIPTION |
Page / Vol. No | পৃষ্ঠা / খন্ড সংখ্যা xiv,107 [4] p.
504 ## - BIBLIOGRAPHY, ETC. NOTE
Bibliography, etc Includes bibliographical references
630 ## - SUBJECT ADDED ENTRY--UNIFORM TITLE
Uniform title Goldsmith,Oliver,She Stoops to Conquer
650 ## - SUBJECT ADDED ENTRY--TOPICAL TERM | বিষয় শিরোনাম - মূল বিষয়
Topical term | মূল বিষয় Goldsmith Oliver,1730 - 74
651 ## - SUBJECT ADDED ENTRY--GEOGRAPHIC NAME | বিষয় শিরোনাম - ভৌগলিক নাম
Geographic name | ভৌগলিক বিষয় English Drama
700 ## - ADDED ENTRY--PERSONAL NAME | অতিরিক্ত সংলেখ - ব্
Personal name | ব্যাক্তিনাম Herring,Robert
850 ## - HOLDING INSTITUTION
Holding institution LCLIB
942 ## - ADDED ENTRY ELEMENTS (KOHA)
Koha item type Books
Holdings
Withdrawn status Lost status Source of classification Damaged status Not for loan Home library Current library Date acquired Total Checkouts Full call number Accession No. Date last seen Price effective from Koha item type Coded location qualifier
    Dewey Decimal Classification     Loreto College Loreto College 04/11/2013   822.6 GOL-HER 11206 B24177 04/11/2013 04/11/2013 Books  
    Dewey Decimal Classification     Loreto College Loreto College 04/11/2013   822.6 GOL 40821 B4012 04/11/2013 04/11/2013 Books